Statistics for IndyCar Race Winners Since Reunification

Click here to take the quiz!

General Stats

  • This quiz has been taken 111 times
    (51 since last reset)
  • The average score is 27 of 33

Answer Stats

WinsDriverCountry% Correct
4Juan Pablo MontoyaColombia
97%
4Marcus EricssonSweden
97%
46Scott DixonNew Zealand
97%
39Will PowerAustralia
97%
10Álex PalouSpain
94%
13Hélio CastronevesBrazil
94%
29Josef NewgardenUnited States
94%
5Pato O'WardMexico
94%
15Simon PagenaudFrance
94%
6Takuma SatoJapan
94%
8Alexander RossiUnited States
91%
7Colton HertaUnited States
91%
13Dario FranchittiUnited Kingdom
91%
6Graham RahalUnited States
91%
6James HinchcliffeCanada
91%
1Christian LundgaardDenmark
88%
16Ryan Hunter-ReayUnited States
88%
5Scott McLaughlinNew Zealand
88%
6Sébastien BourdaisFrance
88%
3Dan WheldonUnited Kingdom
84%
3Ed CarpenterUnited States
84%
1Felix RosenqvistSweden
84%
1Rinus VeeKayNetherlands
84%
4Tony KanaanBrazil
84%
2Kyle KirkwoodUnited States
78%
1Marco AndrettiUnited States
78%
1Danica PatrickUnited States
72%
3Justin WilsonUnited Kingdom
72%
1Carlos MuñozColombia
63%
1Charlie KimballUnited States
50%
7Ryan BriscoeAustralia
50%
1Carlos HuertasColombia
47%
4Mike ConwayUnited Kingdom
47%

Score Distribution

Percentile by Number Answered

Percent of People with Each Score

Your Score History

You have not taken this quiz since the last reset